| 000 | 00388nam a22001217a 4500 | ||
|---|---|---|---|
| 082 | _a220 PRO | ||
| 100 |
_aNC HAMZA ALI GC ASHJAY MOHSIN ALI GC SMAM ARSHAD _973024 |
||
| 245 | _aPR-SOF-1902-A Deep Learning Approach for Traffic Optimization | ||
| 260 |
_aISLAMABAD _bNUST COLLEGE OF EME _c2020 |
||
| 650 | _aDE-COMP-38 | ||
| 700 |
_aPROJECT SUPERVISORS Ms. Sobia Haye _973025 |
||
| 942 | _cCR | ||
| 999 |
_c578921 _d578921 |
||